Inventors who Revolution (Record no. 6987)
[ view plain ]
| 000 -LEADER | |
|---|---|
| fixed length control field | 00231nam a22000857a 4500 |
| 008 - FIXED-LENGTH DATA ELEMENTS--GENERAL INFORMATION | |
| fixed length control field | 170621b xxu||||| |||| 00| 0 eng d |
| 100 ## - MAIN ENTRY--PERSONAL NAME | |
| 9 (RLIN) | 3599 |
| Personal name | Gopalakrishnan. K. V |
| 245 ## - TITLE STATEMENT | |
| Title | Inventors who Revolution |
| 260 ## - PUBLICATION, DISTRIBUTION, ETC. (IMPRINT) | |
| Place of publication, distribution, etc. | New Delhi |
| Name of publisher, distributor, etc. | N. B. T |
| Date of publication, distribution, etc. | 2008 |
| Withdrawn status | Lost status | Source of classification or shelving scheme | Damaged status | Koha normalized classification for sorting | Not for loan | Home library | Current library | Shelving location | Date acquired | Total Checkouts | Total Renewals | Full call number | Barcode | Date last seen | Date last checked out | Price effective from | Koha item type |
|---|---|---|---|---|---|---|---|---|---|---|---|---|---|---|---|---|---|
| Dewey Decimal Classification | 608_000000000000000 | Good Samaritan School Library | Good Samaritan School Library | GENERAL | 06/21/2017 | 5 | 2 | 608 | GOP7749 | 12/03/2019 | 11/26/2019 | 06/21/2017 | BOOK | ||||
| Dewey Decimal Classification | 608_000000000000000 | Good Samaritan School Library | Good Samaritan School Library | GENERAL | 06/21/2017 | 2 | 608 | GOP7750 | 02/14/2020 | 02/07/2020 | 06/21/2017 | BOOK |